000 00598nam a2200205 i 4500
001 bg
100 1 _aGROBICKI, Jan
245 0 _aPrzewody elektroenergetyczne =
_bJan Grobicki, Tadeusz Łapiński /
_cJan Grobicki, Tadeusz Łapiński.
250 _aWyd.4 popr. i uzup.
254 _aSWW 1123
260 _aWarszawa :
_bWydawnictwa Przemysłu Maszynowego WEMA,
_c1990.
650 9 _aPrzewody elektryczne
655 _aKatalogi
700 1 _aŁAPIŃSKI, Tadeusz
040 _cBPK
041 _apl
080 _a621.314/.315(085)
942 _cKA
008 s pl f |000 0 pol
999 _c10073
_d10073
856 _uhttp://koha.tu.koszalin.pl/cgi-bin/koha/opac-detail.pl?biblionumber=10073
_yKatalog online BPK